|
|
|
|
| LEADER |
00000cam a2200000 7i4500 |
| 001 |
0000055949 |
| 005 |
20140514093000.0 |
| 008 |
080310s2006 enk eng |
| 020 |
|
|
|a 0199287767 (cloth : alk. paper)
|
| 020 |
|
|
|a 9780199287765 (alk. paper)
|
| 050 |
0 |
0 |
|a d22 KD7519.A77
|b L39 2006
|
| 090 |
0 |
0 |
|a d22 KD7519.A77
|b L39 2006
|
| 245 |
0 |
4 |
|a The law of privilege
|c editor, Bankim Thanki ; contributors, Chloe Carpenter ... [et al.] ; foreword by Lord Bingham of Cornhill
|
| 260 |
|
|
|a Oxford
|a New York :
|b Oxford University Press ,
|c 2006
|
| 300 |
|
|
|a xliii, 364 p. :
|b ill. ;
|c 26 cm.
|
| 504 |
|
|
|a Includes bibliographical references and index
|
| 505 |
0 |
|
|a 1. Legal professional privilege : fundamental principles -- 2. Legal advice privilege -- 3. Litigation privilege -- 4. Legal professional privilege : general issues -- 5. Loss of privilege -- 6. Joint and common interest privilege -- 7. Without prejudice privilege -- 8. Privilege against self-incrimination
|
| 650 |
|
0 |
|a Attorney and client
|
| 650 |
|
0 |
|a Attorney and client
|z England
|
| 650 |
|
0 |
|a Confidential communications
|x Lawyers
|
| 650 |
|
0 |
|a Confidential communications
|x Lawyers
|z England
|
| 700 |
1 |
|
|a Carpenter, Chloe ,
|d 1978- ,
|e author
|
| 700 |
1 |
|
|a Thanki, Bankim ,
|d 1964- ,
|e author
|
| 999 |
|
|
|a 1000117185
|b Book
|c OPEN SHELF (30 DAYS)
|e Gong Badak Campus
|